banner-ar

TWO STUDIES ON THE GEOGRAPHY AND ADMINSTRATION OF EGYPT ACCORDING TO AL - QALQASANDI ( D.1418 ) ( VOL. 52 ) / (Record no. 16127)

MARC details
000 -الفاتح
حقل البيانات ثابتة الطول 00622nam a2200193Ia 4500
008 - عناصر البيانات ثابتة الطول - معلومات عامة
حقل البيانات ثابتة الطول 140319s9999 xx 000 0 eng d
040 ## - مصدر الفهرسة
وكالة الفهرسة الأصلية GCL /
وكالة النسخ GCL
082 04 - رقم تصنيف ديوى العشرى
رقم التصنيف CC
رقم المادة 916.2
-- S T
100 1# - المدخل الرئيسى - إسم شخصى
الإسم الشخصى SEZGIN, FUAT
245 10 - بيان العنوان
العنوان TWO STUDIES ON THE GEOGRAPHY AND ADMINSTRATION OF EGYPT ACCORDING TO AL - QALQASANDI ( D.1418 ) ( VOL. 52 ) /
بيان المسئوليه,etc SEZGIN, FUAT
260 ## - PUBLICATION, DISTRIBUTION, ETC. (IMPRINT)
تاريخ النشر أو التوزيع 1992
300 ## - الوصف المادى
التعداد 245 P
650 04 - المدخل الاضافى بالموضوع-مصطلح موضوعى
مصطلح موضوعي GEOGRAPHY
650 04 - المدخل الاضافى بالموضوع-مصطلح موضوعى
مصطلح موضوعي GEOGRAPHY - EGYPT
650 04 - المدخل الاضافى بالموضوع-مصطلح موضوعى
مصطلح موضوعي EGYPT - DESCRIPTION AND TRAVEL
650 04 - المدخل الاضافى بالموضوع-مصطلح موضوعى
مصطلح موضوعي ADMINISTRATION - EGYPT
942 ## - عناصر المدخل الإضافي( كوها)
مصدر التصنيف او مخطط الترفيف Dewey Decimal Classification
Koha [default] item type كتاب
260 ## - PUBLICATION, DISTRIBUTION, ETC. (IMPRINT)
-- [S.N] :
-- INSTITUTE FOR THE HISTORY OF ARABIC SCIE ،
Holdings
حالة التراجع حالة الفقد حالة تلف ليس للاعارة المكان المؤقت الموقع الحالى تاريخ الاكتساب اجمالي اﻻعارات رقم الطلب الباركود تاريخ اخر مشاهدة تاريخ تفعيل السعر نوع وعاء كوها
        مكتبة القاهرة الكبرى مكتبة القاهرة الكبرى 03/26/2014   CC\916.2\S T 29482 03/26/2014 03/26/2014 كتاب

Powered By

EGPV